|
|
|
|
| LEADER |
00952nam a2200193 a 4500 |
| 001 |
00020107 |
| 008 |
100703s2004 bg 000 0 ben |
| 040 |
|
|
|a BD-DhAAL
|c BD-DhAAL
|d BD-DhAAL
|
| 082 |
0 |
0 |
|a 302.23
|2 22
|
| 245 |
1 |
0 |
|a উন্নয়নে ইলেক্ট্রনিক ও প্রিন্ট মিডিয়া
|c সম্পাদনা,জান্নাতুল ফেরদৌস
|
| 260 |
|
|
|a ঢাকা :
|b ম্যাস লাইন মিডিয়া সেন্টার,
|c ২০০৪
|
| 300 |
|
|
|a ৫৪ পৃ. ;
|c ২২ সে.মি.
|
| 490 |
0 |
|
|a সেমিনার সিরিজ ১.
|
| 541 |
1 |
|
|e 00020107
|
| 700 |
1 |
0 |
|a ফেরদৌস,জান্নাতুল.
|
| 650 |
|
0 |
|a Mass Media
|
| 852 |
4 |
|
|a Ayesha Abed Library
|j General shelf
|
| 999 |
|
|
|c 9538
|d 9538
|
| 952 |
|
|
|0 0
|1 0
|2 ddc
|4 0
|6 302_230000000000000_UNN_2004
|7 0
|9 12035
|a BRACUL
|b BRACUL
|c GEN
|d 2010-09-23
|l 0
|o 302.23 UNN
|p 3010020107
|r 2010-09-23
|t 1
|w 2010-09-23
|y BK
|